| Tag |
First Indicator |
Second Indicator |
Subfields |
| LEADER |
00000cam a2200000 4500 |
| 001 |
in00000031585 |
| 005 |
20151007061730.0 |
| 008 |
780222s1951 nyua 00010 eng |
| 010 |
|
|
|a 51006995
|
| 035 |
|
|
|a (OCoLC)03659343
|
| 035 |
|
|
|9 AAD2903AM
|
| 040 |
|
|
|a DLC
|c FJU
|d TXA
|d UtOrBLW
|
| 049 |
|
|
|a TXAM
|c [369074]
|
| 050 |
0 |
0 |
|a HF5686.B7
|b A65
|
| 092 |
|
|
|a 692.5
|b A5121c, 1951
|
| 110 |
2 |
|
|a American Society of Civil Engineers.
|b Construction Division.
|
| 245 |
1 |
0 |
|a Construction cost control /
|c [By] Committee on Basic Accounting and Cost Control Procedures: Chairman, Howard P. Maxton; Arnold O. Babb, Donald J. Leitch.
|
| 264 |
|
1 |
|a [New York],
|b [publisher not identified] ;
|c 1951.
|
| 300 |
|
|
|a 1 volume :
|b illustrations ;
|c 29 cm.
|
| 336 |
|
|
|a text
|b txt
|2 rdacontent
|
| 337 |
|
|
|a unmediated
|b n
|2 rdamedia
|
| 338 |
|
|
|a volume
|b nc
|2 rdacarrier
|
| 650 |
|
0 |
|a Construction industry
|x Accounting.
|
| 650 |
|
0 |
|a Building
|x Estimates.
|
| 999 |
|
|
|a MARS
|
| 999 |
f |
f |
|s d1ae4d63-e7a4-3c3f-a04a-4db9c6a01af0
|i 6d1d1bd6-4549-3be3-a5ba-d213fdd3556f
|t 0
|
| 952 |
f |
f |
|p ric
|a Texas A&M University
|b Rellis Campus
|c Joint Library Facility
|d Remote Storage
|t 0
|e HF5686.B7 A65
|h Library of Congress classification
|i unmediated -- volume
|m A14801139126
|
| 998 |
f |
f |
|a HF5686.B7 A65
|t 0
|l Remote Storage
|